header

Mentoring-coaching (Record no. 39146)

MARC details
000 -LEADER
fixed length control field 01308nam a2200337Ia 4500
100 1# - MAIN ENTRY--AUTHOR NAME
Personal name Pask, Roger.
245 10 - TITLE STATEMENT
Title Mentoring-coaching
260 ## - PUBLICATION, DISTRIBUTION, ETC. (IMPRINT)
Place of publication Maidenhead, England ;
-- New York :
Name of publisher McGraw Hill/Open University Press,
Year of publication 2007.
300 ## - PHYSICAL DESCRIPTION
Number of Pages ix, 261 p.
650 #0 - SUBJECT ADDED ENTRY--TOPICAL TERM
Topical Term Mentoring in education.
Topical Term Education.
700 1# - ADDED ENTRY--PERSONAL NAME
Personal name Joy, Barrie.
856 40 - ELECTRONIC LOCATION AND ACCESS
Uniform Resource Identifier http://site.ebrary.com/lib/rucke/Doc?id=10229867

No items available.

© 2026 Rongo University
Contact us: librarian | system librarian | Rongo university